Представление документа в формате RUSMARC

Поле Инд. ПП Название Значение
Тип записи a
Библиографический уровень a
001 Контрольный номер fcbd1b0e9c8341c78ac7103d4b90dfeb
005 Дата корректировки 20181124200623.1
100 a Данные общей обработки 20181107 ||| 0rusy0189 ca
101 0_ a Язык текста rus
102 a Страна публикации RU
200 1_ f Первые сведения об ответственности Р.Ф. Мустафин, С.А. Мустафина
a Заглавие Рамочный договор: теория и практика применения
b Общее обозначение материала Текст
210 d Дата издания 2017
461 _0 1 2000
a Закон и право
463 _0 1 2000
a №10
v С. 58-61
1 2101
d 2017
1 001a1d34cb237184c20911054a8b4bd0ec6
606 a Основная рубрика Гражданское и торговое право
610 0_ a Ключевые слова ДОГОВОР
700 _1 a Фамилия Мустафин
b Имя Р.Ф.
701 _1 a Фамилия Мустафина
b Имя С.А.
801 _0 a Страна RU
b Организация РГУП
c Дата составления 20181107
g Правила каталогизации PSBO
801 _1 a Страна RU
b Организация РГУП
c Дата составления 20181107
g Правила каталогизации PSBO
901 t Тип документа b
w Контрольный № источника a1d34cb237184c20911054a8b4bd0ec6
905 a Дата ввода 20181107